| 000 | 00367nam a2200145Ia 4500 | ||
|---|---|---|---|
| 005 | 20251222152044.0 | ||
| 008 | 251222s9999||||xx |||||||||||||| ||spa|| | ||
| 020 | _a683305778 | ||
| 082 | _a636.089.26/H14/Ej.2 | ||
| 100 | _aHafez, E. | ||
| 245 | 0 | _aReproducción e Inseminación Artificial en Animales | |
| 250 | _a7ta. ed. | ||
| 264 | _bMcGraw-Hill | ||
| 942 | _cLIB | ||
| 999 |
_c26149 _d26149 |
||